000
00303nam a22001337a 4500
008
170527b xxu||||| |||| 00| 0 eng d
020
_a
0130326739
041
_a
eng
080
_a
621.3
100
_a
25
101
_a
IM
245
_a
ANALOG AND DIGITAL CONTROL SYSTEMS
_c
GAYAKWAD, R
942
_2
udc
_c
BK
999
_c
14637
_d
14637